| 000 | 00792nam a2200253Ia 4500 | ||
|---|---|---|---|
| 003 | OSt | ||
| 005 | 20221005133553.0 | ||
| 006 | a|||||r|||| 00| 0 | ||
| 007 | ta | ||
| 008 | 221004b |||||||| |||| 00| 0 hin d | ||
| 024 | _a120008 | ||
| 037 | _cTextual | ||
| 040 |
_aCRL _cCRL _bhin |
||
| 041 |
_2hin _ahin |
||
| 082 | _aW:28, L7 | ||
| 100 | _aअरोडा, प्रकाश | ||
| 245 | 0 | _aतुलनात्मक शासन एवं राजनीति | |
| 246 | _aTulanātmak shāsan evan rājanīti | ||
| 260 | _c1977 | ||
| 650 | _aभारतीय राजनीति | ||
| 700 | _a आनन्द, उमा | ||
| 942 |
_hW:28, L7 _cTEXL _2cc |
||
| 999 |
_c1067252 _d1067252 |
||